Statistics for Real Madrid CF Squad 2013-2014

Click here to take the quiz!

General Stats

  • This quiz has been taken 88 times
  • The average score is 19 of 24

Answer Stats

#PositionNationPlayer% Correct
7FWPortugalCristiano Ronaldo
98%
11FWWalesGareth Bale
98%
1GKSpainIker Casillas
98%
9FWFranceKarim Benzema
98%
3DFPortugalPepe
98%
4DFSpainSergio Ramos
98%
2DFFranceRaphaël Varane
95%
12DFBrazilMarcelo Vieira
94%
19MFCroatiaLuka Modrić
92%
22FWArgentinaÁngel Di María
89%
6MFGermanySami Khedira
86%
-CoachItalyCarlo Ancelotti
85%
5DFPortugalFábio Coentrão
82%
15DFSpainDaniel Carvajal
77%
16MFBrazilCasemiro
76%
23MFSpainIsco
76%
14MFSpainXabi Alonso
70%
17DFSpainÁlvaro Arbeloa
67%
25GKSpainDiego López
67%
18DFSpainNacho Fernández
59%
21FWSpainÁlvaro Morata
58%
20FWSpainJesé Rodríguez
53%
24MFSpainAsier Illarramendi
30%
13GKSpainJesús Fernández
15%

Score Distribution

Percentile by Number Answered

Percent of People with Each Score

Your Score History

You have not taken this quiz